The perfect woman : (Record no. 131205)

MARC details
000 -LEADER
fixed length control field 00614nam a22002177a 4500
005 - DATE AND TIME OF LATEST TRANSACTION
control field 20170124110124.0
010 ## - LIBRARY OF CONGRESS CONTROL NUMBER
LC control number A-705763
020 ## - INTERNATIONAL STANDARD BOOK NUMBER
Terms of availability 00.00
035 ## - SYSTEM CONTROL NUMBER
System control number A-705763
037 ## - SOURCE OF ACQUISITION
Source of stock number/acquisition Cen Lib/Ret
040 ## - CATALOGING SOURCE
Original cataloging agency DPL
Language of cataloging EN
082 ## - DEWEY DECIMAL CLASSIFICATION NUMBER
Classification number S
Item number SHA
100 ## - MAIN ENTRY--PERSONAL NAME
Personal name Sharma, Bulbul
9 (RLIN) 30340
245 ## - TITLE STATEMENT
Title The perfect woman :
Statement of responsibility, etc by Bulbul Sharma
Remainder of title short stories /
260 ## - PUBLICATION, DISTRIBUTION, ETC. (IMPRINT)
Name of publisher, distributor, etc UBSPD
Place of publication, distribution, etc New Delhi
Date of publication, distribution, etc 1994
270 ## - ADDRESS
City New Delhi
Address 5, Ansari Road, Darya Ganj
Postal code 110002
300 ## - PHYSICAL DESCRIPTION
Extent 128p. :
Dimensions 20m(Hb)
Other physical details ill.
650 ## - SUBJECT ADDED ENTRY--TOPICAL TERM
Topical term or geographic name as entry element India -- Fiction
9 (RLIN) 31150
650 ## - SUBJECT ADDED ENTRY--TOPICAL TERM
Topical term or geographic name as entry element English fiction -- Short stories
9 (RLIN) 31151
942 ## - ADDED ENTRY ELEMENTS (KOHA)
Source of classification or shelving scheme Dewey Decimal Classification
Koha item type English Books
Classification part S
Call number suffix SHA
Holdings
Withdrawn status Lost status Damaged status Not for loan Home library Current library Date acquired Source of acquisition Cost, normal purchase price Total Checkouts Full call number Barcode Date last seen Copy number Cost, replacement price Price effective from Koha item type Public note
Written off       Central Library Central Library 14/07/2015 Cen Lib/Ret 0.00   S SHA A-705763 14/07/2015 1 0.00 14/07/2015 English Books W/d List No. 6885/15 ; dtd 07/09/2020

© Delhi Public Library
Hit Counter
free hit counter